Basic calculus for senior high school / (Record no. 358162)
[ view plain ]
| 000 -LEADER | |
|---|---|
| fixed length control field | 00906nam a22002417a 4500 |
| 003 - CONTROL NUMBER IDENTIFIER | |
| control field | SISC |
| 005 - DATE AND TIME OF LATEST TRANSACTION | |
| control field | 20180723142231.0 |
| 008 - FIXED-LENGTH DATA ELEMENTS--GENERAL INFORMATION | |
| fixed length control field | 180723b xxu||||| |||| 00| 0 eng d |
| 020 ## - INTERNATIONAL STANDARD BOOK NUMBER | |
| International Standard Book Number | 9789719806073 |
| 050 ## - LIBRARY OF CONGRESS CALL NUMBER | |
| Classification number | QA 303 |
| Item number | .E437 2017 |
| 100 ## - MAIN ENTRY--PERSONAL NAME | |
| Personal name | Egarguin, Neil Jerome |
| 245 ## - TITLE STATEMENT | |
| Title | Basic calculus for senior high school / |
| Statement of responsibility, etc | Neil Jerome A. Egarguin, Lauro L. Fontanil, Vernel M. Lawas ; Alleli Ester Domingo, coordinator. |
| 260 ## - PUBLICATION, DISTRIBUTION, ETC. (IMPRINT) | |
| Place of publication, distribution, etc | Quezon City: |
| Name of publisher, distributor, etc | C & E Publishing, |
| Date of publication, distribution, etc | c2017. |
| 300 ## - PHYSICAL DESCRIPTION | |
| Extent | viii, 281 pages : |
| Other physical details | illustrations ; |
| Dimensions | 26 cm. |
| 500 ## - GENERAL NOTE | |
| General note | Includes index and bibliographical references. |
| 650 ## - SUBJECT ADDED ENTRY--TOPICAL TERM | |
| Source of heading or term | National Library of the Philippines |
| Topical term or geographic name as entry element | Calculus, Integral |
| 650 ## - SUBJECT ADDED ENTRY--TOPICAL TERM | |
| Source of heading or term | National Library of the Philippines |
| Topical term or geographic name as entry element | Mathematical readiness |
| 700 ## - ADDED ENTRY--PERSONAL NAME | |
| Personal name | Fontanil, Lauro L. |
| 700 ## - ADDED ENTRY--PERSONAL NAME | |
| Personal name | Domingo, Alleli Ester |
| Relator term | coordinator |
| 700 ## - ADDED ENTRY--PERSONAL NAME | |
| Personal name | Lawas, Vernel M. |
| 942 ## - ADDED ENTRY ELEMENTS (KOHA) | |
| Source of classification or shelving scheme | Library of Congress Classification |
| Koha item type | Books |
| Withdrawn status | Lost status | Source of classification or shelving scheme | Damaged status | Home library | Current library | Shelving location | Date acquired | Source of acquisition | Sub Shelving location | Total Checkouts | Full call number | Barcode | Date last seen | Copy number | Price effective from | Koha item type |
|---|---|---|---|---|---|---|---|---|---|---|---|---|---|---|---|---|
| Library of Congress Classification | Luxembourg Library | Luxembourg Library | Teachers Reference Section | 07/23/2018 | Library Fund | QA 303 .E437 2017 | 20525 | 07/23/2018 | 1 | 07/23/2018 | Books |